Az adatvizualizáció és Dashboard-készítő eszközök szerepe az üzleti intelligenciában

Bibliographic Details
Main Author: Hargitai Dávid
Other Authors: Kovács Dr. Endre
Format: Thesis
Kulcsszavak:Adatvizualizáció
Dashboard
BI
Online Access:http://dolgozattar.uni-bge.hu/15961

MARC

LEADER 00000nta a2200000 i 4500
001 dolg15961
005 20180510134907.0
008 180510suuuu hu om 000 hun d
040 |a BGE Dolgozattár Repozitórium  |b hun 
041 |a hu 
100 1 |a Hargitai Dávid 
245 1 3 |a Az adatvizualizáció és Dashboard-készítő eszközök szerepe az üzleti intelligenciában  |c Hargitai Dávid  |h [elektronikus dokumentum] 
695 |a Adatvizualizáció 
695 |a Dashboard 
695 |a BI 
700 1 |a Kovács Dr. Endre  |e ths 
856 4 0 |u http://dolgozattar.uni-bge.hu/15961/1/Szakdolgozat.pdf  |z Dokumentum-elérés